| 000 | 00775nmc a2200289 a 4500 | ||
|---|---|---|---|
| 003 | AR-Y00000XR | ||
| 005 | 20251128211936.0 | ||
| 008 | 127020s2004 ||||||||||||||000 | spa|| | ||
| 020 | _a84-9784-061-5 | ||
| 040 | _cAR-Y00000XR | ||
| 100 | 1 | _aScolari, Carlos | |
| 245 | 1 | 0 |
_aHacer clic _bhacia una sociosemiótica de las interacciones digitales |
| 250 | _a1ª ed. | ||
| 260 |
_aBarcelona _bEditorial Gedisa _c2004 |
||
| 300 | 0 | _a253 p. | |
| 490 | 0 | _aCibercultura | |
| 650 | 4 | _aTECNOLOGIA DE LA INFORMACION | |
| 650 | 4 | _aTECNOLOGIA DIGITAL | |
| 650 | 4 | _aINTERACCION SOCIAL | |
| 650 | 4 | _aCOMUNICACION | |
| 650 | 4 | _aANALISIS LINGUISTICO | |
| 650 | 4 | _aSEMIOTICA | |
| 653 | 0 | _aINTERFACES | |
| 653 | 0 | _aTIPOS DE TEXTOS | |
| 942 | _cBK | ||
| 998 | _cme-solo cat | ||
| 999 |
_c21716 _d21716 |
||